| 000 | 00442nam a22001817a 4500 | ||
|---|---|---|---|
| 005 | 20260131151925.0 | ||
| 008 | 260131b |||||||| |||| 00| 0 eng d | ||
| 020 |
_a9789385915048 _c275.00 |
||
| 040 | _aMAIN | ||
| 041 | _aEnglish | ||
| 082 |
_a005.1 _bFAR |
||
| 100 |
_aFaruqi, Anam _926142 |
||
| 245 | _aDesign and analysis of algorithms | ||
| 260 |
_aNew Delhi _bCBS _c2016 |
||
| 300 | _a262 | ||
| 650 | _aComputer Science | ||
| 942 | _cBK | ||
| 999 |
_c60190 _d60190 |
||